Physical activity towards health and fitness (PATHFIT 1) : movement competency training / Meynardo L. Ballecer [and four others]. (Record no. 21361)
| 000 -LEADER | |
|---|---|
| fixed length control field | 00643nam a22001817a 4500 |
| 020 ## - INTERNATIONAL STANDARD BOOK NUMBER | |
| ISBN | 9786214092178 |
| 082 ## - DEWEY DECIMAL CLASSIFICATION NUMBER | |
| Classification number | 613.71 |
| Item number | B191 2024 |
| 100 ## - MAIN ENTRY--AUTHOR NAME | |
| Personal name | Ballecer, Meynardo L., author. |
| 245 ## - TITLE STATEMENT | |
| Title | Physical activity towards health and fitness (PATHFIT 1) : movement competency training / Meynardo L. Ballecer [and four others]. |
| 260 ## - PUBLICATION, DISTRIBUTION, ETC. (IMPRINT) | |
| Place of publication | Mandaluyong City : |
| Name of publisher | Books Atbp. Publishing Corp., |
| Year of publication | ©2024. |
| 300 ## - PHYSICAL DESCRIPTION | |
| Number of Pages | x, 206 pages : |
| Other physical details | illustrations ; 26 cm |
| 500 ## - GENERAL NOTE | |
| General note | Includes bibliographical references. |
| 650 ## - SUBJECT ADDED ENTRY--TOPICAL TERM | |
| Topical Term | Physical fitness. |
| 650 ## - SUBJECT ADDED ENTRY--TOPICAL TERM | |
| Topical Term | Exercise. |
| 650 ## - SUBJECT ADDED ENTRY--TOPICAL TERM | |
| Topical Term | Health promotion. |
| 650 ## - SUBJECT ADDED ENTRY--TOPICAL TERM | |
| Topical Term | Movement education. |
| 942 ## - ADDED ENTRY ELEMENTS (KOHA) | |
| Koha item type | Books |
| Source of acquisition | Permanent Location | Date acquired | Koha item type | Collection code | Accession Number | Lost status | Shelving location | Withdrawn status | Current Location | Full call number |
|---|---|---|---|---|---|---|---|---|---|---|
| School | Cagayan State University - Carig Library | 2025-09-10 | Books | Applied Sciences | 011204 | General Collection | Cagayan State University - Carig Library | 613.71 B191 2024 | ||
| School | Cagayan State University - Carig Library | 2025-09-10 | Books | Applied Sciences | 011205 | General Collection | Cagayan State University - Carig Library | 613.71 B191 2024 | ||
| School | Cagayan State University - Carig Library | 2025-09-10 | Books | Applied Sciences | 011206 | General Collection | Cagayan State University - Carig Library | 613.71 B191 2024 |